000
00199nam a2200085Ia 4500
008
170617s9999 xx 000 0 und d
100
_a
Prescatt & Dunns
245
0
_a
Industrial Microbiology
260
_b
C B S Pub
260
_c
2004
999
_c
15346
_d
15346